Paroles de Tuyo (Narcos) - Rodrigo Amarante - Statistiques

Statistiques générales
  • Ce quiz a été pris 26 fois
  • Le résultat moyen est 50 sur 72
Statistiques - réponses
Réponse % Correct
a
100%
piel
100%
que
100%
que
100%
que
100%
que
100%
que
100%
Que
100%
tu
100%
tu
100%
Tu
100%
tu
100%
Y
100%
Y
100%
Y
100%
y
100%
el
95%
el
95%
El
95%
el
95%
el
95%
el
95%
fuego
95%
la
95%
La
95%
la
95%
la
95%
La
95%
mata
95%
Soy
95%
Soy
95%
soy
95%
yo
95%
yo
95%
agua
86%
castillo
86%
torre
86%
arde
81%
respiro
76%
aire
71%
de
67%
de
67%
mar
67%
sed
67%
en
62%
espada
62%
guarda
57%
luna
57%
luz
57%
tuyo
52%
tuyo
52%
caudal
43%
sera
38%
sera
38%
amor
33%
mi
33%
mojar
33%
vas
33%
ansio
29%
dar
29%
garganta
29%
con
24%
Dices
24%
ahogar
19%
cuales
19%
me
19%
oh
19%
basta
14%
deseos
14%
mirarlo
14%
temo
14%
tresoro
5%
Aucun quiz correspondant
Distribution des résultats
% des personnes avec chaque résultat
Percentile par nombre de réponses
Votre historique - résultats
Vous n’avez pas pris ce quiz